| 000 | 00575nam a2200193Ia 4500 | ||
|---|---|---|---|
| 003 | LDD | ||
| 008 | 181029s9999 xx 000 0 und d | ||
| 020 |
_a387325204 _cE74.95 |
||
| 040 | _cLDD | ||
| 100 | _aGopalakrishnan, Ganesh | ||
| 245 | 0 |
_aComputation engineering applied Automata Theory and Logic _cGanesh Gopalakrishnan |
|
| 260 |
_aNew York _bSpringer _c2006 |
||
| 300 | _axvii, 461p | ||
| 365 | _bE 74.95 | ||
| 901 |
_a3881 _b15-03-2007 |
||
| 902 |
_a8998 _b15-03-2007 _cF _dOP _e4 |
||
| 903 |
_aDiscount-10 _bReqst by : Manohar Lal(Mr.) |
||
| 942 |
_2ddc _cBK |
||
| 999 |
_c78619 _d78619 |
||